| 000 | 00368nam a2200157Ia 4500 | ||
|---|---|---|---|
| 008 | 230917s9999||||xx |||||||||||||| ||und|| | ||
| 020 | _cRS20 | ||
| 040 |
_e149439 _aMAIN |
||
| 041 | _aEnglish | ||
| 082 | _a150.954 S23B | ||
| 100 | _aSharma, Ramnath | ||
| 245 | 0 | _aBharatiya manovigyan | |
| 260 |
_aMeerut _bAnu Prakashan _c1974 |
||
| 300 | _a365 p. | ||
| 942 | _cBK | ||
| 999 |
_c141545 _d141545 |
||